000 00303nam a2200133 i 4500
001 bg
100 1 _aMARKIEWICZ, B.
245 0 _aPopularny poradnik BHP /
_cB. Markiewicz.
260 _aWarszawa,
_c1964.
040 _cBPK
041 _apol
942 _cKS
008 s pl f |000 0 pol
999 _c10555
_d10555
856 _uhttp://koha.tu.koszalin.pl/cgi-bin/koha/opac-detail.pl?biblionumber=10555
_yKatalog online BPK